书目信息 |
| 题名: |
SolidWorks 2004中文版入门与提高
|
|
| 作者: | 黄海英 , 郭朝勇 主编 | |
| 分册: | ||
| 出版信息: | 北京 清华大学出版社 2005.7 |
|
| 页数: | 12,382页 | |
| 开本: | 26cm | |
| 丛书名: | 软件入门与提高丛书 | |
| 单 册: | ||
| 中图分类: | TH122 | |
| 科图分类: | ||
| 主题词: | 机械设计--ji xie she ji--计算机辅助设计--应用软件 , 计算机辅助设计--ji suan ji fu zhu she ji , 应用软件--ying yong ruan jian | |
| 电子资源: | ||
| ISBN: | 7-302-11167-7 | |
| 000 | 01124oam2 2200289 450 | |
| 001 | 012005000794 | |
| 005 | 20061027144502.15 | |
| 010 | @a7-302-11167-7@dCNY35.00 | |
| 100 | @a20060104e2005 em y0chiy0121 ea | |
| 101 | 0 | @achi |
| 102 | @aCN@b110000 | |
| 105 | @ay z 000yy | |
| 200 | 1 | @aSolidWorks 2004中文版入门与提高@ASolidWorks 2004 zhong wen ban ru men yu ti gao@f黄海英,郭朝勇主编 |
| 210 | @a北京@c清华大学出版社@d2005.7@h2005.9重印 | |
| 215 | @a12,382页@d26cm | |
| 225 | 2 | @a软件入门与提高丛书@Aruan jian ru men yu ti gao cong shu |
| 330 | @a本书介绍了三维机械CAD软件SolidWorks 2004中文版的主要功能及其在机械设计中的具体应用,全书共分12章,包括SolidWorks基础、快速如入门、绘制草图、外观显示、工程图等内容。 | |
| 461 | 0 | @12001 @a软件入门与提高丛书 |
| 606 | 0 | @a机械设计@Aji xie she ji@x计算机辅助设计@x应用软件 |
| 606 | 0 | @a计算机辅助设计@Aji suan ji fu zhu she ji |
| 606 | 0 | @a应用软件@Aying yong ruan jian |
| 610 | 0 | @aSolidWorks |
| 690 | @aTH122@v4 | |
| 701 | 0 | @a黄海英@Ahuang hai ying@4主编 |
| 701 | 0 | @a郭朝勇@Aguo chao yong@4主编 |
| 801 | 0 | @aCN@c20061027 |
| 905 | @a10447@dTH122@eH830 | |
| SolidWorks 2004中文版入门与提高/黄海英,郭朝勇主编.-北京:清华大学出版社,2005.7(2005.9重印) |
| 12,382页;26cm.-(软件入门与提高丛书) |
| ISBN 7-302-11167-7:CNY35.00 |
| 本书介绍了三维机械CAD软件SolidWorks 2004中文版的主要功能及其在机械设计中的具体应用,全书共分12章,包括SolidWorks基础、快速如入门、绘制草图、外观显示、工程图等内容。 |
| ● |
| 相关链接 |
|
|
|
正题名:SolidWorks 2004中文版入门与提高
索取号:TH122/H830
 
预约/预借
| 序号 | 登录号 | 条形码 | 馆藏地/架位号 | 状态 | 备注 |
| 1 | 631703 | 206317038 | 自科库501/501自科库 33排2列1层/ [索取号:TH122/H830] | 在馆 | |
| 2 | 631704 | 206317047 | 自科二线504/504自科库 41排2列3层/ [索取号:TH122/H830] | 在馆 | |
| 3 | 631705 | 206317056 | 期刊室512/501自科库 33排2列1层/ [索取号:TH122/H830] | 在馆 |